[Event "Budapest MVM Cup 20'+10"]
[Site "Budapest"]
[Date "2002.08.20"]
[Round "3"]
[White "Macieja, Bartlomiej"]
[Black "Polgar, Judit"]
[Result "1-0"]
[WhiteElo "2607"]
[BlackElo "2681"]
[Annotator "Hazai"]
[PlyCount "103"]
[EventDate "2002.08.19"]
[EventType "match (rapid)"]
[EventRounds "8"]
[EventCountry "HUN"]
[Source "ChessBase"]
[SourceDate "2002.11.12"]

1. d4 Nf6 2. Nf3 g6 3. Bf4 Bg7 4. e3 O-O 5. Be2 d6 6. O-O (6. h3 {is the usual
reaction here against 6...Nh5.}) 6... Nfd7 {/\ e5} (6... Nh5 $5 {deserves
attention, although after} 7. Bg5 h6 8. Bh4 g5 {White will not move the B, but
his f3 N!} 9. Nfd2 (9. Ne1 Nf4 10. exf4 gxh4 {/\ c5} 11. c3 {and although
Black has a strong fianchettoed B, his P structure is seiously weakened.}) 9...
gxh4 (9... Nf4 10. exf4 gxh4 11. c3) 10. Bxh5 c5 11. c3 {keeping the
stronghold on d4.}) 7. e4 {This is a rather original idea. White loses a tempo,
but the N on d7 ruins the harmony in the black camp.} (7. h3 {This usually
arises by transposition.} e5 8. Bh2 Nc6 (8... Qe7 $6 {- Moldovan-Nevednichy,
Targoviste 2001 CBM 87}) (8... f5 {This agressive move seems to be a bit risky,
but it is not easy for White to exploit the lack of development in Black's
camp.} 9. c4 (9. dxe5 Nxe5) 9... Nc6 10. Nc3 g5 11. dxe5 Ndxe5 $1 {For the
sake of development it is important to exchange the N first.} (11... dxe5 {- 8.
..Nc6}) (11... dxe5 $2 12. Nd5 Nc5 13. b4 Ne6 14. b5 e4 15. bxc6 exf3 16. Bxf3
Bxa1 17. Nxc7 $1 Qxd1 18. Rxd1 Nxc7 19. Bxc7 $16 {Bosgue Ortega-Gonzalez Valez,
Barbera-A 1997}) (11... dxe5 {- 8...Nc6}) 12. Nxe5 dxe5 13. Qxd8 Nxd8 14. e4 f4
{The h2 B causes again some headache for White.} 15. Bg4 Bxg4 16. hxg4 Ne6 $11
{Payen-Nijboer, Cafe op Koszalin 1998}) 9. c3 (9. Nc3 Re8 10. Bc4 Nb6 11. Bb3
exd4 12. exd4 Na5 13. Re1 Bf5 14. Rxe8+ Qxe8 15. Bf4 h6 16. Be3 c6 17. Nd2 d5
$15 {Z.Nikolic-Damljanovic, Novi Sad 1995}) (9. dxe5 {This is again rather
passive and overcautious.} dxe5 (9... Ndxe5 $11) 10. Nc3 f5 11. Bb5 Kh8 12. Qd5
Qf6 (12... Ne7) 13. Bxc6 bxc6 14. Qa5 Rb8 15. Na4 Rb7 16. Rad1 f4 17. exf4 exf4
18. b3 h6 19. Rd4 g5 20. Rfd1 $14 {Arencibia-Paneque, Cuba 1989}) (9. Na3 f5 $5
(9... e4 10. Nd2 f5 11. c4 g5 12. Rb1 Nf6 13. b4 Ne7 14. Nb5 Bd7 15. c5 Bxb5 $1
(15... Ned5 $6 16. Qb3 Kh8 17. cxd6 Bxb5 18. Bxb5 cxd6 19. Bc4 $14 {Rodgaard-R.
Gruenberg, Hamburg 1980}) 16. Bxb5 d5 $132)) (9. c4 exd4 $1 10. exd4 Qf6 {and
Black has a real pressure on >< d4.} 11. Nc3 $5 (11. d5 Nd4 $11) 11... Nxd4 12.
Nxd4 Qxd4 13. Nb5 Qxd1 14. Raxd1 c6 15. Nc7 Rb8 16. Bxd6 Be5 $11 {
Lopushnoy-Kopylov, RUS-ch Novosibirsk 1996}) 9... f5 (9... b6 $5 10. Nbd2 Bb7
11. Rc1 h6 12. Re1 f5 13. Bc4+ Kh8 14. Nb3 Qf6 15. Qc2 g5 $17 {Eriksson-Bracjun
riksson-Bracjunova, Herculane 1994}) 10. a4 (10. Na3 e4 11. Nd2 Nf6 12. f3 (12.
b4 $5) 12... exf3 $5 (12... d5 $143 $6 13. c4) (12... Ne7 13. fxe4 fxe4 14.
Qb3+ Kh8 15. c4 {(Alterman-Avrukh, Tel Aviv 1999 CBM 71)} h5 $1 {Avrukh} 16.
Rf2 Nf5 17. g4 (17. Raf1 h4) 17... hxg4 18. hxg4 Nh4 $36) 13. Bxf3 Be6 $11 {is
the simple solution.} (13... Re8 $6 14. Qb3+ Kh8 15. Rae1 $16) (13... g5 14. e4
$140 f4)) (10. dxe5 {Here} dxe5 {looks satisfactory:} (10... Ndxe5 11. Nbd2 Be6
12. Nd4 Bf7 $142 (12... Bd5 $2 13. N2f3 Bf7 14. Bf4 h6 15. Bg3 a6 16. Qc2 Qf6
17. h4 Ne7 18. Rad1 Rab8 19. c4 c5 $13 {Van Heste-De Kok OHRA-B Amsterdam 1985}
)) 11. Bb5 Qf6 12. Na3 Kh8 13. e4 (13. Nc4 e4 $13) 13... f4 (13... Nc5 14. exf5
)) 10... g5 11. Na3 $15 (11. a5 $2 a6 $1 $17 {A.Hoffman-Strikovic, Sevilla
1994 60/64})) 7... c5 ({On} 7... e5 8. Bg5 {is a successful provocative move.}
f6 (8... Qe8 9. Nc3 $14) (8... Bf6 9. Bxf6 Qxf6 10. Nc3 $14) 9. Be3 $14) 8. c3
{Black now has problems by attacking White's strong P [+].} Nc6 (8... Qb6 9.
Na3 {and now grabbing for pawns is unhealthy after} Qxb2 $2 10. Nc4 $16) (8...
cxd4 9. cxd4 Nc6 {allows the strong developing move} 10. Nc3) 9. d5 Nce5 10.
Nbd2 b6 (10... f5 11. exf5 Rxf5 12. Bg3 $14 {leaves Black with a bad P
structure, see the backward P on e7.}) 11. a4 a6 12. Bg3 (12. Nxe5 $1 {was the
clear-cut strategical solution.} Nxe5 13. Bg3 {/\ f4} g5 (13... f5 14. exf5
Bxf5 15. Nc4 $16) 14. Nc4 $14) 12... Rb8 (12... Nxf3+ $1 13. Nxf3 Ne5 14. Nxe5
dxe5 {was the lesser evil, if Black can hold >< d6 and e5.}) 13. Nxe5 Nxe5 14.
f4 Nd7 15. Nc4 $16 {Now White has got an ideal Benoni type of position with a
strong [+] and chances for a breakthrough by e4-e5. It is not easy to find a
counterplay by Black, because b6-b5 is always answered by Na5.} Qc7 16. Re1 ({
Immediately} 16. Bg4 $1 {looks more precise.} Nf6 (16... h5 17. Bf3 $16) (16...
b5 17. axb5 axb5 18. Na5 $16) 17. Bf3 b5 18. axb5 axb5 19. Na5 Ra8 20. Nc6 Rxa1
21. Qxa1 $16) 16... Bb7 (16... Nf6 $6 17. Bf3 $16 {and soon e4-e5 comes.}) 17.
Bg4 $1 (17. Bf3 {allows the freeing move} b5 18. axb5 axb5 19. Na5 Ba8) 17...
b5 18. Bxd7 (18. axb5 axb5 19. Na5 {is again answered by} Ba8) 18... Qxd7 19.
Nb6 Qc7 20. a5 Rbd8 {/\ e6} (20... e6 $2 {immediately is too early on account
of} 21. dxe6 fxe6 22. f5 $16) 21. f5 $1 c4 22. Qd2 Bc8 23. Rf1 {Black is
completely pushed to the wall, White's space advantage is enormous.} Kh8 24.
Kh1 Bf6 25. Qh6 (25. Bf4 gxf5) (25. Bf2 $5 {/\ Bd4 deserved attention} gxf5 26.
Nxc8 Rxc8 27. Bd4 Bxd4 28. Qxd4+ f6 29. exf5 {with a strong pressure on the e
<->, but Black has exhanged the light pieces.}) 25... Rg8 26. Bh4 Bg7 27. Qe3
gxf5 28. exf5 Be5 29. Bg5 f6 30. Bf4 {White has time to improve his position
slowly but surely, Black has no real counterplay.} Bb7 31. Rf3 Rg4 32. h3 Rg7
33. Bh6 Rgg8 34. Qe4 Rb8 35. Rd1 Qd8 36. g4 Qe8 37. Rg1 Qf7 38. h4 e6 $1 {This
is the only chance for fishing in troubled waters!} 39. fxe6 Qxe6 40. Rf5 Rbe8
41. Qf3 Qe7 42. g5 Qf7 43. h5 b4 44. gxf6 $18 Rxg1+ 45. Kxg1 Rg8+ 46. Bg7+
Rxg7+ 47. fxg7+ Qxg7+ 48. Kf1 Kg8 49. Nxc4 Bc8 50. Nxe5 dxe5 51. h6 Qxh6 52.
Qg3+ 1-0

[Event "RUS-The World"]
[Site "Moscow"]
[Date "2002.09.08"]
[Round "2"]
[White "Rublevsky, Sergei"]
[Black "Polgar, Judit"]
[Result "1-0"]
[WhiteElo "2658"]
[BlackElo "2681"]
[Annotator "Ribli"]
[PlyCount "97"]
[EventDate "2002.09.08"]
[EventType "schev (rapid)"]
[EventRounds "10"]
[EventCountry "RUS"]
[Source "ChessBase"]
[SourceDate "2002.11.12"]
[WhiteTeam "Russia"]
[BlackTeam "The World"]
[WhiteTeamCountry "RUS"]

1. e4 c5 2. Nf3 e6 3. c4 {Das ist die Lieblingsvariante des weißen Spielers.
Diese Variante steht an der Grenze der Englischen Eröffnung und der
Sizilianischen Verteidigung.} Nc6 4. Nc3 Nf6 5. Be2 Qb6 {[%cal Gb6d4] Dieser
Zug ist nicht schlecht, aber die prinzipielle Fortsetzung wäre 6...d5. Mit dem
Textzug möchte Schwarz die Ausführung des Zugs d2-d4 verhindern.} (5... d5) 6.
O-O (6. b3 d6 7. O-O Bd7 8. Ne1 g6 9. Bb2 Bg7 10. f4 O-O 11. Bd3 a6 12. Nf3 Qc7
13. Qe2 Nh5 14. g3 Nd4 15. Nxd4 Bxd4+ 16. Kg2 Bc6 {0-1 Borgo,G-Sax,G/Porto San
Giorgio 1995/EXT 2000 (46)}) 6... Be7 7. a3 $5 {[%cal Gb2b4] Mit diesem Zug
bereitet Weiß den Zug b2-b4 vor.} (7. d3 d6 (7... O-O 8. Rb1 a6 9. a3 Qa7 10.
h3 Rd8 11. Bg5 h6 12. Bh4 d6 13. Ne1 Nxe4 14. Bxe7 Nxc3 15. bxc3 Nxe7 {1/2-1/2
Prudnikova,S-Mijovic,A/Kotor YUG 2002/(41)}) 8. h3 (8. b3 Nd7 9. Bb2 Nde5 10.
Qd2 O-O 11. Kh1 Nxf3 12. Bxf3 Bf6 {1/2-1/2 Sanduleac,V-Sedlak,N/Subotica 2001/
EXT 2002 (71)}) 8... Nd7 (8... Bd7 9. Be3 Nd4 10. Rb1 a5 11. Qd2 O-O 12. Bd1
Bc6 13. Bxd4 cxd4 14. Ne2 e5 15. Ng3 Bd7 {0-1 Kosteniuk,A-Romanishin,O/Bled
1999/CBM 69 ext (71)}) 9. Rb1 Nde5 10. Nxe5 (10. Nh2 Nd4 11. f4 Nec6 $11) 10...
dxe5 11. f4 exf4 12. Bxf4 O-O 13. Qe1 Qd8 14. e5 Bg5 {1/2-1/2 Rublevsky,
S-Neverov,V/Ohrid 2001/CBM 84 (50)}) 7... O-O 8. b4 (8. Rb1 a5 9. d3 d6 10. h3
Bd7 11. Be3 Rfc8 12. d4 cxd4 13. Nxd4 Nxd4 14. Bxd4 $14 {1-0 Chuchelov,
V-Barsov,A/Le Touquet 1997/CBM 62/[Chuchelov] (40)}) 8... d6 {Schwarz hat
Angst von der Annahme des Bauernopfers auf b4:} (8... cxb4 9. axb4 Bxb4 10. e5
Ng4 $5 11. Na4 Qc7 12. d4 d6 13. Ng5 h6 14. Nh3 (14. exd6 $2 Bxd6 $1 15. Nxf7
$2 (15. Ne4 Bxh2+ 16. Kh1 Bf4 17. Bxg4 Bxc1 18. Rxc1 f5 19. d5 Ne5 $17) 15...
Bxh2+ 16. Kh1 Bg1 $19) (14. Ne4 $2 dxe5 15. Bxg4 f5 16. d5 Nd4 17. d6 Qc6 $17)
14... dxe5 15. Bxg4 Nxd4 $5 (15... exd4 16. f4 Rd8 $13) 16. f4 f5 17. Bh5 Rd8 {
0-1 Rublevsky,S-Zhang Pengxiang/Shanghai 2001/CBM 85/[Ftacnik] (27)}) 9. Rb1 {
[%cal Gb1b6] Jetzt wäre natürlich die Annahme des Bauern schlechter als einem
Zug früher.} Qc7 (9... cxb4 10. axb4 Nxb4 11. Ba3 a5 12. d4 Qc6 13. e5 dxe5 14.
Nxe5 Qc7 15. Nb5 Qd8 16. Bf3 $44 Nd7 $140 17. Nd3 Nxd3 18. Bxe7 Qxe7 19. Qxd3
Nf6 20. c5 $36) 10. d4 cxd4 11. Nxd4 $14 {Wir haben eine Igelstellung vor uns.
Aber hier steht Weiß noch besser als in gewöhnlichen Igelstellungen, weil
Schwarz mit Qb6-c7 ein Tempo verloren hat und der Damenflügelspringer etwas
deplatziert auf c6 (anstatt elastischer auf d7) steht.} Rd8 (11... a6 12. Be3
$14) 12. Be3 d5 {Dieser Zug scheint mir ein wenig zu direkt.} (12... Bd7) 13.
exd5 exd5 14. Nxd5 (14. c5 $14 {[%csl Yd4] Weiß hat die bessere Bauernstruktur
und kontrolliert - was wichtig ist - das Feld vor dem isolierten Bauern.})
14... Nxd5 15. cxd5 Rxd5 16. Bf3 {[%cal Gf3c6] Mit einfachen Zügen hat Weiß
eine aktive Stellung erhalten.} Bg4 $1 {Mit diesem gutem Zug kann Schwarz
endlich die Entwicklung beenden.} (16... Rd8 17. Rc1 $16 {[%csl Rc6][%cal
Gc1c7]}) 17. Nb5 (17. Bxg4 Nxd4 18. Bxd4 Rad8 $11) 17... Rxb5 (17... Rxd1 18.
Nxc7 Rxb1 19. Rxb1 Bf5 20. Nxa8 Bxb1 21. b5 (21. Bxc6 bxc6 22. Bxa7 $16) 21...
Nd8 22. Bxa7 Bxa3 23. Bb6 Be7 24. Bxd8 Bxd8 25. Bxb7 $18 {[%csl Gb5]}) 18. Bxg4
{[%csl Ge3,Gg4] Die Bauernstruktur ist symmetrisch, aber Weiß hat das
Läuferpaar, was einen kleinen Positionsvorteil für ihn bedeutet.} Rd8 19. Qc2 {
[%cal Gc2c7]} Bd6 20. g3 h5 $2 {Nach diesem Zug verliert Schwarz einen Bauern,
aber vergessen wir nicht, dass das alles in einer Rapidpartie geschieht!} (
20... Re5 21. Rfd1 $14) 21. Qe2 {[%cal Re2b5,Re2h5]} Rd5 22. Bxh5 $16 Nd4 23.
Qg4 (23. Bxd4 Rxd4 24. Bf3 $16) 23... Be5 24. Rbc1 Qe7 (24... Qd6 25. Rc8 $16)
25. Qe4 (25. Rfe1 $16) 25... f5 (25... g6 26. Bd1 (26. Bf3 a5 $132 (26... f5 $6
27. Qxd5+ Rxd5 28. Bxd5+ $16))) 26. Qg2 f4 {Mit diesem Zug  möchte Schwarz im
Trüben fischen.} 27. Bxd4 (27. Rc8 $1 {[%csl Rd5][%cal Rg2d5]} R5d7 (27... Qd7
28. Rxd8+ Qxd8 29. gxf4 Bxf4 30. Bg4 $18 {[%cal Gf1c1,Gc1c8,Gc8g8]}) 28. Rxd8+
Qxd8 29. gxf4 $16) 27... Bxd4 28. Rfe1 (28. Bf3 $16) 28... Re5 29. Rxe5 Qxe5
30. Bf3 {Es gibt ungleichfarbige Läufer auf dem Brett, was im reinen
Läuferendspiel einen wichtigen Remisfaktor bedeutet, aber im Mittelspiel die
Chancen des Angreifers erhöht.} (30. Qf3 Bxf2+ 31. Qxf2 (31. Kxf2 $2 Qb2+ $19 {
[%cal Rb2c1,Rb2f2]}) 31... Qxh5 32. Qxf4 $16) 30... fxg3 31. hxg3 Bb6 (31... b5
$5) 32. Bxb7 Rd3 {[%csl Gd3][%cal Rd3g3,Rd3a3] Droht 33...Rxg3 und auch 33...
Rxa3.} 33. Bf3 Rxa3 (33... Rd2 34. Rf1 $16) 34. Kh1 $2 {Weiß vermeidet die
Gefahr auf der a7-g1 Diagonalen, aber statt der Partiefortsetzung gab es einen
sofortigen Gewinn.} (34. Rc8+ $1 Kf7 (34... Kh7 35. Qh3+ Kg6 36. Rc6+ Kf7 37.
Qd7+ $18) 35. Bh5+ Qxh5 (35... g6 36. Qb7+ Kf6 37. Rc6+ $18) 36. Qb7+ Kf6 (
36... Kg6 37. Qe4+ Kg5 38. Qd5+ $18) 37. Rc6+ Ke5 38. Qb8+ Ke4 39. Qf4+ Kd3 40.
Qc4+ Kd2 41. Rd6+ $18) 34... Rd3 35. Be4 Qh5+ 36. Kg1 Rd2 $14 {[%csl Gb6,Gd2]}
37. Rf1 Rd4 (37... g6 $142 $5 $14) 38. Bb1 {[%cal Gb1a2]} Qe2 39. Qh3 {[%csl
Gb1,Gh3]} Qg4 $2 (39... Rd1 40. Qh7+ Kf7 41. Qf5+ Ke7 42. Rxd1 Qxd1+ 43. Kg2
Qe2 $14) 40. Ba2+ $1 Kf8 41. Qh8+ Ke7 42. Re1+ Re4 43. Rxe4+ Qxe4 44. Qxg7+ $18
{Weiß hat schon zwei Bauern mehr und mit guter Technik muss er gewinnen.} Kd6
45. Qf6+ Kd7 46. Qf7+ Kd6 47. Bc4 Qe1+ 48. Kg2 Qxb4 $2 49. Qf8+ {[%cal Rf8b4]}
1-0

[Event "RUS-The World"]
[Site "Moscow"]
[Date "2002.09.09"]
[Round "5"]
[White "Polgar, Judit"]
[Black "Kasparov, Garry"]
[Result "1-0"]
[WhiteElo "2681"]
[BlackElo "2838"]
[Annotator "Wedberg"]
[PlyCount "84"]
[EventDate "2002.09.08"]
[EventType "schev (rapid)"]
[EventRounds "10"]
[EventCountry "RUS"]
[Source "ChessBase"]
[SourceDate "2002.11.12"]
[WhiteTeam "The World"]
[BlackTeam "Russia"]
[BlackTeamCountry "RUS"]

{This win certainly contributed a lot to the overall victory for the world
team. In a sense it might have been the deciding game.} 1. e4 e5 2. Nf3 Nc6 3.
Bb5 Nf6 {Quite a surprise. Kasparov takes up the Berlin defence. The very
weapon that robbed him of his crown.} 4. O-O Nxe4 5. d4 Nd6 6. Bxc6 dxc6 7.
dxe5 Nf5 8. Qxd8+ Kxd8 9. Nc3 h6 10. Rd1+ Ke8 11. h3 Be7 {The move Be7 in some
position or another is the new fab. Kramnik has played it without h6. The idea
is to set up an exchange with Nh4. One negative aspect of the move is that the
often useful reprouping with Ne7-g6 is lost.} 12. Ne2 (12. g4 Nh4 13. Nxh4 Bxh4
14. Kg2 h5 15. f3 {was tried succesfully in Kotronias,V-Nikolaidis,I/Peristeri
1993/CBM 39 ext/[ChessBase] (66)}) 12... Nh4 {Should Black strive after
exchanges at all costs in the Berlin? Im not so sure. There is also the
question of time. Black is spending it here.} (12... Bd7 13. b3 Rd8 (13... Nh4
14. Nxh4 Bxh4 15. Ba3 b6 16. Rd4 Bd8 17. Rad1 Bf5 18. R4d2 c5 19. g4 Be4 20.
Ng3 Bc6 21. Nh5 g6 22. Nf6+ Ke7 $14 {1/2-1/2 Gongora,M-Olivera,Y/Matanzas 1998/
EXT 2002 (44)}) 14. Bb2 Rg8 15. Rd2 Bc8 16. Rad1 Rxd2 17. Nxd2 g5 18. g4 Ng7
19. Ne4 Ne6 20. Bc1 Rg6 21. Be3 c5 22. N2g3 $14 {1-0 Lasker,E-Herz/Lewitt/
Keidanski/Berlin 1896/EXT 2001 (37).  (36)}) (12... a5 13. a4 (13. Nf4 h5 14.
Ne2 a4 15. Bg5 (15. Bf4 Be6 16. Ned4 Nxd4 17. Nxd4 g5 (17... Bd7) 18. Bd2 Rg8
19. Nxe6 fxe6 20. g4 $14 {1-0 Benjamin,J-Almasi,Z/New York 1993/TD (56)}) 15...
Ra5 16. Bd2 Rc5 $13 {1/2-1/2 Wang Zili-Galego,L/Macau 1996/EXT 2001 (40)})
13... Bc5 14. Nf4 h5 15. Ng5 Be7 16. Ne4 g5 17. Ne2 Rg8 18. b3 Be6 19. Ba3 $16
{1-0 Kokarev,D-Driamin,D/Moscow 2001/EXT 2002 (32)}) 13. Nxh4 Bxh4 14. Be3 $1 {
Eying a7. Black cannot develop in an easy way here.} Bf5 (14... Bd7 15. Rd4 Be7
16. Rad1 Rd8 17. Nf4 a6 18. Nh5 Rg8 19. g4 $14) (14... Ke7 $4 15. g3 Bg5 16. f4
$18) 15. Nd4 Bh7 $6 (15... Bg6 $5) 16. g4 Be7 17. Kg2 h5 18. Nf5 $16 {White
has all the play.} Bf8 19. Kf3 Bg6 20. Rd2 hxg4+ 21. hxg4 Rh3+ 22. Kg2 Rh7 23.
Kg3 f6 24. Bf4 (24. e6 $5) 24... Bxf5 25. gxf5 fxe5 26. Re1 Bd6 27. Bxe5 Kd7
28. c4 c5 29. Bxd6 cxd6 30. Re6 $18 Rah8 31. Rexd6+ Kc8 32. R2d5 Rh3+ 33. Kg2
Rh2+ 34. Kf3 R2h3+ 35. Ke4 b6 36. Rc6+ Kb8 37. Rd7 Rh2 38. Ke3 Rf8 39. Rcc7
Rxf5 40. Rb7+ Kc8 41. Rdc7+ Kd8 42. Rxg7 Kc8 1-0

[Event "RUS-The World"]
[Site "Moscow"]
[Date "2002.09.10"]
[Round "7"]
[White "Polgar, Judit"]
[Black "Dreev, Alexey"]
[Result "0-1"]
[WhiteElo "2681"]
[BlackElo "2676"]
[Annotator "Lukacs"]
[PlyCount "84"]
[EventDate "2002.09.08"]
[EventType "schev (rapid)"]
[EventRounds "10"]
[EventCountry "RUS"]
[Source "ChessBase"]
[SourceDate "2002.11.12"]
[WhiteTeam "The World"]
[BlackTeam "Russia"]
[BlackTeamCountry "RUS"]

1. e4 c6 2. c4 d5 3. exd5 Nf6 {By this move order Black can avoid the variation
} (3... cxd5 4. cxd5 Nf6 5. Bb5+ {which is not so dangerous on the other hand.}
) 4. Nc3 (4. dxc6 $6 Nxc6 $44) 4... cxd5 5. cxd5 (5. d4 {transposes to the
Panov Attack.}) 5... Nxd5 6. Nf3 Nc6 (6... Nxc3 7. bxc3 g6 {is the other main
line.}) ({In case of} 6... e6 7. Bc4 Be7 8. O-O O-O 9. d4 {White can avoid the
Bb4 lines, this is one of the main ideas of this move order.}) 7. Bb5 (7. d4 e6
(7... Bg4) 8. Bd3 (8. Bc4 Bb4) 8... Bb4 {are the lines that White wants to
avoid.}) 7... e6 8. O-O Be7 (8... Nxc3 9. bxc3 Bd7 (9... Be7 10. d4 {is very
similar to the QG Tarrasch D41 lines.}) 10. d4 Be7 11. Bd3 {This is again a
transposition to D41.} O-O 12. Bf4 g6 13. Rb1 b6 14. Re1 Bf6 15. Qd2 Re8 16. h4
$1 $14 {This is the typical attacking move here, Zhang Zhong-Asrian, Elista ol
1998.}) 9. d4 O-O 10. Qe2 $5 (10. Re1 $1 {looks a bit better.} Nxc3 11. bxc3
Bf6 12. Bd3 b6 {- D41}) 10... Bd7 (10... Qc7 11. Rd1 Rd8 12. Qe4 Ncb4 13. Bg5
Bxg5 14. Nxg5 Nf6 15. Qe5 Qe7 16. Nge4 Nfd5 17. a3 Nxc3 18. Nxc3 Nd5 19. Bd3
Nxc3 20. bxc3 $14 {Borge-Gausel, VISA Nordic GP Final 1999}) 11. a3 (11. Rd1
Rc8 12. Nxd5 exd5 {In this symmetrical P structure White's advantage is
minimal.} 13. Ne5 a6 14. Bd3 Bf6 15. Bf4 g6 16. Bc2 {/\ Bb3 >< d5} Re8 17. Bb3
Bf5 18. Qf3 Be4 19. Qg3 Ne7 20. Bg5 {This exchange of the dark-squared bishops
is a vital part of White's strategy, but here Black gets a counterplay against
>< d4.} Nf5 21. Bxf6 Qxf6 22. Qf4 g5 $1 23. Qd2 Nxd4 $1 24. Ng4 Nf3+ $1 25.
gxf3 Qxf3 26. Qxg5+ Kf8 27. Qh6+ Ke7 28. Qg5+ Kf8 {and the draw by perpetual
checks is inevitable,} 29. Qh6+ {1/2:1/2 Milos-Dreev, FIDE WCh KO Moscow 2001})
11... Rc8 12. Bd2 Bf6 13. Ne4 $6 {Now White has serious problems with her ><
d4 P.} (13. Qe4 Nce7 $13) (13. Bd3 Qb6 $5 $13) 13... a6 $142 (13... Nxd4 $4 {
loses to} 14. Nxf6+ Qxf6 15. Nxd4 $18) 14. Bd3 $5 (14. Bxc6 Bxc6 $15 {gives
Black a firm control over the blockading square d5.}) 14... Nxd4 15. Nxd4 Bxd4
16. Nd6 Bxb2 $1 {This is the counterblow! Black sacrifices the exchange for
pawns and a well-blockaded position.} (16... Rc6 17. Qe4 f5 18. Qxd4 Rxd6 19.
Bb4 $14) (16... Qh4 17. Nxc8 Rxc8 18. Rab1 $14) 17. Rab1 Bxa3 (17... Rc6 $5 {
can be met by} 18. Nxf7 $1 (18. Nxb7 Qf6 (18... Qb6 $2 19. Na5) 19. Na5 Rc7 20.
Qe4 g6 $15) 18... Rxf7 19. Rxb2 b5 $44) 18. Nxc8 Qxc8 (18... Bxc8 19. Bxh7+
Kxh7 20. Qd3+ Kg8 21. Qxa3 Qh4 22. Rb3 $11) 19. Bxh7+ $1 Kxh7 20. Qd3+ Kg8 21.
Qxa3 Bc6 22. Rfe1 Re8 23. Rb3 $6 {White wants to organize an a against >< g7,
but this fails.} (23. Qg3 $14) (23. Re5 $5) 23... e5 24. Rg3 Qe6 25. h3 (25.
Rg5 f6 26. Rg6) 25... f6 26. Bh6 (26. Rg6 Re7 27. Qg3 a5 $132) 26... Re7 27. h4
$2 {White pushes it too hard...} (27. Bd2 $11) 27... Qf5 $1 $15 28. Bc1 Qh5 29.
Qd6 Rd7 30. Qc5 $2 (30. Qe6+ Kh8 $15) 30... Ne7 ({It was possible to eliminate
the weak h P, but in rapid games the end is fairly unpredictable...} 30... Qxh4
31. Rh3 Qg4 $17) 31. Qc4+ Kh7 32. Qc2+ Nf5 33. Rc3 (33. Rg5 fxg5 34. Qxf5+ Qg6
$17) 33... Qg6 34. f3 Nxh4 $19 35. Qf2 Rd4 36. Kh2 Qh5 37. Kg1 Ng6 38. Qc2 Rh4
39. Kf2 Rh2 40. Rg1 Qh4+ 41. Ke2 Bb5+ 42. Rd3 e4 0-1

[Event "RUS-The World"]
[Site "Moscow"]
[Date "2002.09.10"]
[Round "8"]
[White "Zvjaginsev, Vadim"]
[Black "Polgar, Judit"]
[Result "1/2-1/2"]
[WhiteElo "2673"]
[BlackElo "2681"]
[Annotator "Psakhis,L"]
[PlyCount "53"]
[EventDate "2002.09.08"]
[EventType "schev (rapid)"]
[EventRounds "10"]
[EventCountry "RUS"]
[Source "ChessBase"]
[SourceDate "2002.11.12"]
[WhiteTeam "Russia"]
[BlackTeam "The World"]
[WhiteTeamCountry "RUS"]

1. e4 c5 2. Nf3 d6 3. Bb5+ Bd7 4. Bxd7+ Qxd7 5. O-O g6 {Deviating from the
main lines at very early stage} 6. c3 Bg7 7. d4 Nf6 8. Re1 (8. Qe2 O-O 9. Re1
Na6 10. Nbd2 cxd4 11. cxd4 d5 12. e5 Ne4 $1 13. h3 (13. Nxe4 dxe4 14. Qxe4 Nb4
{[%csl Gd5][%cal Gb4d5]}) 13... Nxd2 14. Bxd2 Rac8 $13 {1/2-1/2 Timman,J-Van
Wely,L/Breda m rapid 1998 (45)}) 8... O-O (8... cxd4 9. cxd4 d5 10. Ne5) 9.
dxc5 $146 {The simpliest way to small advantage} (9. b3 cxd4 10. cxd4 Nc6 11.
Nc3 Rac8 12. Bb2 $14 {1-0 Xu Hanbing-Berczes,D/Balatontourist op 2000/The Week
in Chess 294 (50)}) (9. h3 Qc7 10. Bf4 Nfd7 11. Nbd2 cxd4 12. cxd4 Nc6 13. Nb3
Qb6 14. Be3 Qa6 $11 {Utegaliev,A-Berczes,D/Wch B10 Oropesa del Mar 2000/
InfoXadrez/0-1 (51)}) (9. d5 $5) (9. e5 dxe5 10. Nxe5 Qd5 $11) 9... dxc5 10.
Qe2 (10. e5 Nd5 $13 (10... Qxd1 11. Rxd1 Nfd7 12. e6 $5 fxe6 13. Ng5 $14))
10... Qc6 11. Na3 (11. e5 $5 Nd5 12. Qe4 $36 {[%cal Ge4h4]}) 11... a6 12. e5
Nd5 13. Qe4 ({Worth considering} 13. e6 $5 $14) 13... Nd7 14. Nc4 (14. Bg5 {
[%cal Ga1d1]}) (14. Qh4 $5 {[%cal Gc1h6] Leads to very nice game for white.})
14... Rad8 15. Na5 Qc7 16. Qxd5 Nxe5 $1 ({Judit rightly avoided the line} 16...
Qxa5 17. Qxb7 Nxe5 18. Nxe5 Bxe5 19. Bh6 $16) 17. Qxb7 Nxf3+ 18. Qxf3 Qxa5 19.
Bg5 (19. Rxe7 Qb5 $132) 19... f6 20. Be3 e5 21. Qc6 (21. Qg4 $5 {[%cal Gg4c4,
Gg4e6]}) 21... Rc8 22. Qd5+ Kh8 23. b4 ({Maybe} 23. Red1 Qb5 $140 24. c4 Qxb2
$140 25. Bxc5 Rfe8 26. Bd6 {[%csl Gc4] gives more chances for advantage.})
23... Rfd8 $1 24. Qe6 (24. Qb3 cxb4 25. cxb4 Qd5 26. Qxd5 Rxd5 $11) 24... cxb4
25. Bb6 Qd5 26. Qxd5 Rxd5 27. cxb4 1/2-1/2